Business law : (Record no. 7692)

MARC details
000 -LEADER
fixed length control field 00559nam a22001817a 4500
003 - CONTROL NUMBER IDENTIFIER
control field OSt
005 - DATE AND TIME OF LATEST TRANSACTION
control field 20260122051600.0
008 - FIXED-LENGTH DATA ELEMENTS--GENERAL INFORMATION
fixed length control field 260122b |||||||| |||| 00| 0 eng d
020 ## - INTERNATIONAL STANDARD BOOK NUMBER
International Standard Book Number 971-23-4486-x
040 ## - CATALOGING SOURCE
Original cataloging agency DWC-Main lib
Transcribing agency OC
082 ## - DEWEY DECIMAL CLASSIFICATION NUMBER
Classification number Fil. 346 D278b 2006
100 ## - MAIN ENTRY--PERSONAL NAME
Personal name De Guzman, Rolando Santiago
245 ## - TITLE STATEMENT
Title Business law :
Remainder of title an overview/
Statement of responsibility, etc. Rolando Santiago De Guzman
260 ## - PUBLICATION, DISTRIBUTION, ETC.
Place of publication, distribution, etc. Manila,
Name of publisher, distributor, etc. Rex Bookstore ,
Date of publication, distribution, etc. c2006.
300 ## - PHYSICAL DESCRIPTION
Extent v, 232 pages :
Other physical details illustrations ;
Dimensions 23cm.
650 ## - SUBJECT ADDED ENTRY--TOPICAL TERM
Topical term or geographic name entry element 1. law in business
942 ## - ADDED ENTRY ELEMENTS (KOHA)
Source of classification or shelving scheme Dewey Decimal Classification
Koha item type Book-Filipiniana
Call number prefix Fil.
Suppress in OPAC No
952 ## - LOCATION AND ITEM INFORMATION (KOHA)
--
Holdings
Withdrawn status Lost status Source of classification or shelving scheme Damaged status Not for loan Home library Current library Shelving location Date acquired Source of acquisition Total Checkouts Full call number Barcode Date last seen Copy number Price effective from Koha item type Uniform Resource Identifier
    Dewey Decimal Classification     College Library College Library Filipiniana 02/04/2021 Donation   Fil.346 D278b 2006 CL52637 01/22/2026 c1 01/22/2026 BK - FIL